Chargement en cours...

Library information technology management Librarian's manual /

Détails bibliographiques
Auteur principal: Bajpai, S. K.
Format: Printed Book
Langue:English
Publié: Delhi : Ess Ess Publications, 1999.
Sujets:
LEADER 00601nam a2200157Ia 4500
008 160114b xxu||||| |||| 00| 0 eng d
020 |a 8170002729 
082 |a 025.04 
100 |a Bajpai, S. K. 
245 |a Library information technology management  |b  Librarian's manual /  |c By S. K. Bajpai 
260 |a Delhi :  |b Ess Ess Publications,   |c 1999. 
300 |a 298 p. 
653 |a Information storage and retrieval systems 
942 |c BK 
999 |c 143482  |d 143482 
952 |0 0  |1 0  |4 0  |6 025_040000000000000_BAJ_L  |7 0  |9 152692  |a LIS  |b LIS  |c ST1  |d 2006-04-07  |g 625.00  |i 02083  |l 0  |o 025.04 BAJ/L  |p LIS2083  |r 2016-07-26  |w 2016-07-26  |y BK